| 000 | 01169nam0a22002531i 4500 | ||
|---|---|---|---|
| 001 | rc\4494174 | ||
| 005 | 20241101042203.0 | ||
| 021 |
_aRU _b[67-71597] |
||
| 035 | _a(NLR Aleph) 008339036 | ||
| 090 |
_a8865395 _c8865395 |
||
| 100 | _a20130416d1967 |||y0rusy50 ca | ||
| 101 | 0 | _arus | |
| 102 | _aRU | ||
| 105 | _ay d ||||| | ||
| 200 | 1 |
_aЮрий Федькович и развитие украинской прогрессивной литературы на Буковине _e(До воссоединения Сев. Буковины с Советской Украиной) _eАвтореферат дис. на соискание ученой степени доктора филологических наук _fЛьвовский гос. ун-т им. Ив. Франко |
|
| 210 |
_aЛьвов _d1967 |
||
| 215 | _a37 с. | ||
| 320 | _aСписок работ авт.: с. 34-37 | ||
| 700 | 1 |
_aКоржупова _bА.П. |
|
| 702 | 1 |
_4570 _7ca _8rus _aФедькович _bЮ. А. _f1834-1888 _gЮрий Адальбертович _9250835 _3RU\NLR\AUTH\770250891 |
|
| 801 | 0 |
_aRU _bNLR _gpsbo |
|
| 801 | 1 |
_aRU _bELAR _2rusmarc |
|
| 852 |
_aNLR _j67-4/20118 |
||
| 942 | _cBOOK | ||